Manual de citas, referencias bibliográficas : (Registro nro. 30808)
[ vista simple ]
| 000 -LEADER | |
|---|---|
| fixed length control field | 01021nam a22002775a 4500 |
| 001 - CONTROL NUMBER | |
| control field | 991017175369207486 |
| 003 - CONTROL NUMBER IDENTIFIER | |
| control field | OSt |
| 005 - DATE AND TIME OF LATEST TRANSACTION | |
| control field | 20250624162720.0 |
| 008 - FIXED-LENGTH DATA ELEMENTS--GENERAL INFORMATION | |
| fixed length control field | 221115s2014 ck gr 000 0dspa d |
| 020 ## - INTERNATIONAL STANDARD BOOK NUMBER | |
| International Standard Book Number | 9789586958622 |
| 040 ## - CATALOGING SOURCE | |
| Language of cataloging | spa |
| Transcribing agency | CO-JMCR |
| 041 0# - LANGUAGE CODE | |
| Language code of text/sound track or separate title | spa |
| 082 04 - DEWEY DECIMAL CLASSIFICATION NUMBER | |
| Classification number | 010.44 |
| Item number | V36m |
| Edition number | 23 |
| 100 1# - MAIN ENTRY--PERSONAL NAME | |
| Personal name | Vaughan, Nicolás. |
| 9 (RLIN) | 43789 |
| 245 10 - TITLE STATEMENT | |
| Title | Manual de citas, referencias bibliográficas : |
| Remainder of title | APA, Chicago, IEEE, MLA, Vancouver / |
| Statement of responsibility, etc. | Nicolás Vaughan, Ella Suárez, Margarita Pérez ; introducción de Felipe Castañeda. |
| 264 #4 - PRODUCTION, PUBLICATION, DISTRIBUTION, MANUFACTURE, AND COPYRIGHT NOTICE | |
| Place of production, publication, distribution, manufacture | Bogotá : |
| Name of producer, publisher, distributor, manufacturer | Universidad de los Andes, Ediciones Uniandes, |
| 300 ## - PHYSICAL DESCRIPTION | |
| Extent | 89 páginas ; |
| Dimensions | 20 cm. |
| 504 ## - BIBLIOGRAPHY, ETC. NOTE | |
| Bibliography, etc. note | Incluye bibliografía. |
| 650 #7 - SUBJECT ADDED ENTRY--TOPICAL TERM | |
| Topical term or geographic name entry element | Citas bibliográficas |
| General subdivision | Metodología |
| Form subdivision | Manuales. |
| Source of heading or term | BLAAUTO |
| 9 (RLIN) | 43790 |
| 650 #7 - SUBJECT ADDED ENTRY--TOPICAL TERM | |
| Topical term or geographic name entry element | Bibliografía |
| General subdivision | Metodología |
| Form subdivision | Manuales. |
| Source of heading or term | BLAAUTO |
| 9 (RLIN) | 43791 |
| 700 1# - ADDED ENTRY--PERSONAL NAME | |
| Personal name | Suarez, Ella. |
| 9 (RLIN) | 43792 |
| 700 1# - ADDED ENTRY--PERSONAL NAME | |
| Personal name | Pérez, Margarita. |
| 9 (RLIN) | 43793 |
| 700 1# - ADDED ENTRY--PERSONAL NAME | |
| Personal name | Castañeda, Felipe, |
| Relator term | introducción. |
| 9 (RLIN) | 43794 |
| 942 ## - ADDED ENTRY ELEMENTS (KOHA) | |
| Source of classification or shelving scheme | Dewey Decimal Classification |
| Koha item type | Books |
| 949 ## - LOCAL PROCESSING INFORMATION (OCLC) | |
| a | c |
| b | n |
| Withdrawn status | Lost status | Source of classification or shelving scheme | Damaged status | Not for loan | Collection code | Home library | Current library | Date acquired | Total Checkouts | Full call number | Barcode | Date last seen | Copy number | Price effective from | Koha item type |
|---|---|---|---|---|---|---|---|---|---|---|---|---|---|---|---|
| Dewey Decimal Classification | Non-fiction | Biblioteca Pública José María del Castillo y Rada | Biblioteca Pública José María del Castillo y Rada | 06/06/2023 | 010.44 V36m | 201812303 | 08/13/2024 | Ej.1 | 08/13/2024 | Books |